| 000 | 02671nam a2200553 c 4500 | ||
|---|---|---|---|
| 003 | BLK | ||
| 005 | 20250119004126.0 | ||
| 008 | 180409b bul|||||r ||||||| ||bul|| | ||
| 010 | _aKNG00148525000 | ||
| 020 |
_a978-954-28-1348-4 _bиздат.: Сиела Норма |
||
| 040 | _aBLK | ||
| 041 |
_aBUL _cBUL |
||
| 072 | 7 |
_2bullib _aН92 _xИстория Н |
|
| 080 |
_aПолитическо преследване. Терористични действия. Тероризъм - Атентати, политически убийства. Вж и 343.1 ; 343.3/.7 _b323.28 _x(497.2)(091)(092) _z323.28(497.2)(091)(092) |
||
| 080 |
_a _b949.72.052/.053 _x(092) _z949.72.052/.053(092) |
||
| 080 |
_aЖената и политиката. Женско движение - Женски организации. Международен ден на жената. Участие на жените в обществено-политическия живот _b396.9 _x(497.2)(091)(092) _z396.9(497.2)(091)(092) |
||
| 080 |
_aБиографии _b929 _x(497.2) _z929(497.2) |
||
| 100 | 1 |
_aКьосева, Цветана Лазарова _eпърви автор _9374955 |
|
| 139 |
_aКьосева, Цветана Лазарова _bК 98 |
||
| 245 | 1 | 0 |
_aКрасивите лица на терора _bМалки истории от полицейските архиви _cЦветана Лазарова Кьосева. |
| 257 | _aBGR | ||
| 260 |
_аСофия _bСиела Норма _c2013 _fВ. Търново : Абагар |
||
| 300 |
_a196 с. _c23 см |
||
| 380 | _a3 | ||
| 490 | 1 | _aHistoria incognita | |
| 500 | _aСъдържа и за авт. - Библиогр. с. 192-195 и под линия. | ||
| 650 | 4 |
_aТероризъм - България - история _9266750 |
|
| 650 | 0 |
_aБългария - история, нова _9241998 |
|
| 650 | 4 |
_aЖени - България - участие в обществено-политическия живот _9271811 |
|
| 651 | 4 |
_aБългария _9241624 |
|
| 653 | _aтероризъм | ||
| 653 | _aполитически репресии | ||
| 653 | _aборци против фашизма | ||
| 653 | _aжени | ||
| 653 | _aбългарска история | ||
| 653 | _aнова история | ||
| 653 | _aВМРО | ||
| 653 | _aбиографии | ||
| 653 | _aанархисти | ||
| 653 | _aкомунисти | ||
| 653 | _aпартизани | ||
| 659 | _aН | ||
| 852 | _aЦб 264042 | ||
| 856 | 4 |
_qpdf _u |
|
| 856 | 4 |
_qpdf _u |
|
| 942 |
_cKNG _n0 _011 |
||
| 944 |
_aCR _c06.08.2013 _lCRON CRON _k |
||
| 944 |
_aED _c20.08.2013 _lф / _k |
||
| 999 |
_c142432 _d142432 |
||